000 00932nam a22002537a 4500
003 0
005 20250902091949.0
008 250902b xxu||||| |||| 00| 0 eng d
020 _a978-1-032-67349-3
050 _aLB 1028.3
_b.G74 2025
100 _aGreen, Timothy D.,
_eauthor.
245 _aMaking technology work in schools :
_bhow PK-12 educators can foster digital-age learning /
_cTimothy D. Green, Loretta C. Donovan, and Jody Peerless Green.
250 _aSecond edition.
260 _aNew York, NY :
_bRoutledge,
_c2025.
300 _axix, 214 pages ;
_c23 cm.
504 _aIncludes bibliographical references and index.
650 _aEducational technology
_zUnited States.
650 _aComputer-assisted instruction
_zUnited States.
650 _aInternet in education.
650 _aDigital learning.
700 _aDonovan, Loretta C.,
_eauthor.
700 _aGreen, Jody Peerless,
_eauthor.
942 _2lcc
_cBK
999 _c367739
_d367739